[Event "VIE-ch U15"]
[Site "Ho Chi Minh City"]
[Date "2022.07.15"]
[Round "7"]
[White "Hoang, Minh Hieu"]
[Black "An, Dinh Minh"]
[Result "1/2-1/2"]
[WhiteElo "2289"]
[BlackElo "2286"]
[PlyCount "67"]
[EventDate "2022.07.11"]
[EventType "swiss"]
[EventRounds "9"]
[EventCountry "VIE"]
[SourceTitle "EXT 2023"]
[Source "ChessBase"]
[SourceDate "2022.10.05"]
[SourceVersion "1"]
[SourceVersionDate "2022.10.05"]
[SourceQuality "1"]

1. d4 Nf6 2. Bg5 Ne4 3. Bf4 c5 4. f3 Qa5+ 5. c3 Nf6 6. dxc5 Qxc5 7. e4 Nc6 8. Qd2 d6 9. Be3 Qa5 10. Bc4 Bd7 11. Ne2 g6 12. Nd4 Bg7 13. 0-0 0-0 14. Qe2 a6 15. a4 Ne5 16. Bb3 d5 17. f4 Bg4 18. Qc2 Nc6 19. e5 Ne4 20. Nd2 Nxd4 21. Bxd4 Bf5 22. Nxe4 Bxe4 23. Qe2 e6 24. Bc2 Bxc2 25. Qxc2 Rfc8 26. g4 Bf8 27. Kh1 Qc7 28. f5 Bc5 29. Bxc5 Qxc5 30. fxe6 fxe6 31. Rf6 d4 32. Rxg6+ hxg6 33. Qxg6+ Kh8 34. Qh6+ 1/2-1/2

[Event "VIE-ch U15"]
[Site "Ho Chi Minh City"]
[Date "2022.07.13"]
[Round "4"]
[White "Le, Quang Minh"]
[Black "An, Dinh Minh"]
[Result "0-1"]
[WhiteElo "2292"]
[BlackElo "2286"]
[PlyCount "66"]
[EventDate "2022.07.11"]
[EventType "swiss"]
[EventRounds "9"]
[EventCountry "VIE"]
[SourceTitle "EXT 2023"]
[Source "ChessBase"]
[SourceDate "2022.10.05"]
[SourceVersion "1"]
[SourceVersionDate "2022.10.05"]
[SourceQuality "1"]

1. e4 c5 2. Nf3 d6 3. d4 cxd4 4. Nxd4 Nf6 5. Nc3 Nc6 6. Be3 e5 7. Nxc6 bxc6 8. Bc4 Be7 9. 0-0 0-0 10. f3 Bb7 11. Qd2 d5 12. exd5 cxd5 13. Nxd5 Bxd5 14. Bxd5 Qxd5 15. Qf2 a5 16. b3 a4 17. c4 Qc6 18. Rac1 axb3 19. axb3 Rab8 20. Qc2 Bc5 21. Bxc5 Qxc5+ 22. Kh1 h6 23. Qc3 Rfd8 24. Rfd1 e4 25. Rxd8+ Rxd8 26. b4 Qf2 27. fxe4 Nxe4 28. Qe1 Qf4 29. Qf1 Nf2+ 30. Kg1 Rd2 31. b5 Qd4 32. Ra1 Nd1+ 33. Kh1 Qxa1 0-1

[Event "Eastern Asia-ch U14"]
[Site "Tornelo INT"]
[Date "2021.10.30"]
[Round "4"]
[White "An, Dinh Minh"]
[Black "Hoang, Minh Hieu"]
[Result "1/2-1/2"]
[WhiteElo "1772"]
[BlackElo "1636"]
[PlyCount "97"]
[EventDate "2021.10.29"]
[EventType "swiss"]
[EventRounds "9"]
[EventCountry "NET"]
[SourceTitle "EXT 2023"]
[Source "ChessBase"]
[SourceDate "2022.10.05"]
[SourceVersion "1"]
[SourceVersionDate "2022.10.05"]
[SourceQuality "1"]

1. e4 e6 2. d4 d5 3. Nd2 Nf6 4. e5 Nfd7 5. Bd3 c5 6. c3 Nc6 7. Ne2 Qb6 8. Nf3 cxd4 9. cxd4 Bb4+ 10. Bd2 Bxd2+ 11. Qxd2 Qb4 12. 0-0 Qxd2 13. Nxd2 Nb4 14. Bb1 b6 15. Rc1 Ba6 16. Nf4 Rc8 17. Bd3 Nxd3 18. Rxc8+ Bxc8 19. Nxd3 Nb8 20. Rc1 Kd7 21. f4 Nc6 22. Nf3 Ba6 23. Nde1 h6 24. h4 Rc8 25. Kf2 Ne7 26. Rxc8 Bxc8 27. g4 Kc6 28. Ke3 a5 29. h5 Ba6 30. Nd3 Kd7 31. Nh4 Nc6 32. a3 Ke7 33. g5 Bc4 34. gxh6 gxh6 35. Nf2 Bb3 36. f5 Kf8 37. fxe6 fxe6 38. Ng6+ Kf7 39. Nf4 Ne7 40. Kd3 Nf5 41. Kc3 Bc4 42. b3 Bf1 43. Ng4 Ke7 44. Nf6 Bb5 45. Ng6+ Kf7 46. Nf4 Ke7 47. a4 Bc6 48. Nd3 Ng3 49. Nf4 1/2-1/2

[Event "Eastern Asia-ch U14"]
[Site "Tornelo INT"]
[Date "2021.10.29"]
[Round "2"]
[White "An, Dinh Minh"]
[Black "Cheng, Justin Hong Chen"]
[Result "1-0"]
[WhiteElo "1772"]
[BlackElo "1344"]
[PlyCount "109"]
[EventDate "2021.10.29"]
[EventType "swiss"]
[EventRounds "9"]
[EventCountry "NET"]
[SourceTitle "EXT 2023"]
[Source "ChessBase"]
[SourceDate "2022.10.05"]
[SourceVersion "1"]
[SourceVersionDate "2022.10.05"]
[SourceQuality "1"]

1. e4 c5 2. Nf3 e6 3. d4 cxd4 4. Nxd4 a6 5. Bd3 Nf6 6. 0-0 Qc7 7. Qe2 d6 8. c4 Be7 9. Nc3 0-0 10. f4 Nbd7 11. Kh1 b6 12. Bd2 Bb7 13. Rac1 Rad8 14. a3 Qb8 15. Be1 Nc5 16. Bb1 Qa8 17. Bh4 Rfe8 18. Rce1 Nfxe4 19. Bxe7 Nxc3 20. Qc2 Nxb1 21. Bxd8 Rxd8 22. Rg1 Be4 23. Qe2 e5 24. Nc2 Bd3 25. Qd1 Ne4 26. Rxe4 Qxe4 27. Nb4 Bxc4 28. Qxb1 Qxf4 29. b3 Bb5 30. Nd5 Qd4 31. Rd1 Qc5 32. a4 Bc6 33. Ne7+ Kf8 34. Rc1 Kxe7 35. Rxc5 bxc5 36. Qxh7 Rb8 37. Qd3 e4 38. Qe3 c4 39. Qa7+ Rb7 40. Qxa6 Rxb3 41. h3 Bd5 42. Qa7+ Ke6 43. Qa5 c3 44. Qc7 Rb4 45. Qxc3 Rxa4 46. Qxg7 Ra2 47. Qh6+ Ke5 48. Qg7+ Ke6 49. Qg4+ f5 50. Qg8+ Ke5 51. Qg7+ Kf4 52. Qd4 Ra5 53. Qd2+ e3 54. Qxa5 e2 55. Qd2+ 1-0

[Event "VIE-ch"]
[Site "Ho Chi Minh City"]
[Date "2021.03.28"]
[Round "6"]
[White "An, Dinh Minh"]
[Black "Dang, Anh Minh"]
[Result "0-1"]
[WhiteElo "1655"]
[BlackElo "2014"]
[PlyCount "114"]
[EventDate "2021.03.24"]
[EventType "swiss"]
[EventRounds "9"]
[EventCountry "VIE"]
[SourceTitle "EXT 2022"]
[Source "ChessBase"]
[SourceDate "2021.10.06"]
[SourceVersion "1"]
[SourceVersionDate "2021.10.06"]
[SourceQuality "1"]

1. e4 c5 2. Nf3 d6 3. d4 cxd4 4. Nxd4 Nf6 5. Nc3 a6 6. Be2 e5 7. Nb3 Be7 8. 0-0 0-0 9. a4 Be6 10. Be3 Nbd7 11. f4 Rc8 12. f5 Bc4 13. Bxc4 Rxc4 14. Qf3 Qc7 15. g4 d5 16. Nd2 dxe4 17. Qg2 Rb4 18. g5 Bc5 19. Bxc5 Qxc5+ 20. Kh1 Nh5 21. Ndxe4 Qc6 22. Rad1 Rd4 23. Nf2 Qc4 24. Qf3 Nf4 25. Nfe4 Qc6 26. Nd2 Qc7 27. Nde4 Rxd1 28. Rxd1 Rd8 29. f6 g6 30. h4 Nf8 31. Nf2 Rxd1+ 32. Nfxd1 Qd7 33. Ne4 Qxa4 34. Ne3 h5 35. b3 Qa1+ 36. Kh2 Qd4 37. Nc4 b5 38. c3 Qd5 39. Ncd2 a5 40. c4 bxc4 41. bxc4 Qd4 42. Qc3 Qd7 43. Nf2 a4 44. Nde4 Qa7 45. Qa3 Qa6 46. Nd6 Qc6 47. Nfe4 Qd7 48. Nf2 N4e6 49. Nfe4 Nd4 50. Qg3 Nfe6 51. Qe3 Nf4 52. Qg3 a3 53. Nc3 Qc6 54. Ndb5 Qxc4 55. Nxd4 Qxd4 56. Qf3 Qd2+ 57. Kg3 Qxc3 0-1

[Event "VIE-ch"]
[Site "Ho Chi Minh City"]
[Date "2021.03.28"]
[Round "7"]
[White "Tong, Thai Hung"]
[Black "An, Dinh Minh"]
[Result "1/2-1/2"]
[WhiteElo "2141"]
[BlackElo "1655"]
[PlyCount "96"]
[EventDate "2021.03.24"]
[EventType "swiss"]
[EventRounds "9"]
[EventCountry "VIE"]
[SourceTitle "EXT 2022"]
[Source "ChessBase"]
[SourceDate "2021.10.06"]
[SourceVersion "1"]
[SourceVersionDate "2021.10.06"]
[SourceQuality "1"]

1. e4 c5 2. Nf3 d6 3. d4 cxd4 4. Nxd4 Nf6 5. f3 a6 6. c4 e6 7. Nc3 Be7 8. Be3 0-0 9. Be2 Nc6 10. 0-0 Bd7 11. Rc1 Nxd4 12. Qxd4 Bc6 13. b4 d5 14. cxd5 exd5 15. e5 Ne8 16. a4 Nc7 17. b5 axb5 18. axb5 Ne6 19. Qg4 Be8 20. Rfd1 d4 21. Kh1 Bd7 22. Bxd4 Bg5 23. Rb1 Rc8 24. Ne4 Nxd4 25. Qxg5 Qxg5 26. Nxg5 Bf5 27. Bd3 Bxd3 28. Rxd3 Nxb5 29. h4 Nc7 30. Rxb7 h6 31. Ne4 Ne6 32. Rdd7 Rc1+ 33. Kh2 Re1 34. Ra7 Re2 35. Kg3 Rc8 36. Rd2 Rxd2 37. Nxd2 Rc5 38. f4 Rc3+ 39. Nf3 g6 40. Ra4 Ng7 41. Kf2 Rc2+ 42. Kf1 Nf5 43. Kg1 Ne3 44. Ne1 Re2 45. Ra1 Nd5 46. Nd3 Ne3 47. Ne1 Nf5 48. Nf3 Re4 1/2-1/2

[Event "VIE-ch"]
[Site "Ho Chi Minh City"]
[Date "2021.03.25"]
[Round "2"]
[White "Duong, Thuong Cong"]
[Black "An, Dinh Minh"]
[Result "1-0"]
[WhiteElo "1980"]
[BlackElo "1655"]
[PlyCount "151"]
[EventDate "2021.03.24"]
[EventType "swiss"]
[EventRounds "9"]
[EventCountry "VIE"]
[SourceTitle "EXT 2022"]
[Source "ChessBase"]
[SourceDate "2021.10.06"]
[SourceVersion "1"]
[SourceVersionDate "2021.10.06"]
[SourceQuality "1"]

1. f4 Nf6 2. Nf3 g6 3. d3 d6 4. g3 Bg7 5. Bg2 0-0 6. 0-0 Nbd7 7. e4 c6 8. c3 e5 9. Qe2 Re8 10. Nbd2 b5 11. a4 bxa4 12. Nc4 Qe7 13. fxe5 dxe5 14. Rxa4 Nc5 15. Ra5 Nfd7 16. Be3 a6 17. b4 Nb7 18. Ra2 c5 19. b5 Nd6 20. Nxd6 Qxd6 21. Nd2 Bb7 22. Nc4 Qe6 23. b6 Nxb6 24. Na5 Bc8 25. Bxc5 Nd7 26. Be3 Nf6 27. Rb2 Qe7 28. h3 Nh5 29. Qf2 Rf8 30. Bc5 Qc7 31. Nc4 Be6 32. Bd6 Qd7 33. Bxf8 Rxf8 34. Nb6 Qxd3 35. Qf3 Qd6 36. Kh2 Bh6 37. Rd1 Qa3 38. Rb4 Bg7 39. Nd5 a5 40. Rb7 a4 41. c4 Qc5 42. Rc7 Qa5 43. Qc3 Qa6 44. Ra1 Rb8 45. Qa3 Bxd5 46. cxd5 Bf8 47. Qf3 f6 48. Rc6 Qa7 49. d6 Qd7 50. Ra6 Rb3 51. Qg4 Rb7 52. Qd1 Ng7 53. R1xa4 Ne8 54. Qd5+ Qf7 55. d7 Rxd7 56. Qa5 Nd6 57. Ra8 Kg7 58. Qe1 Rc7 59. R4a6 Qd7 60. Rb6 Rb7 61. Qf2 Be7 62. Rxb7 Nxb7 63. Qa2 Nd8 64. Ra7 Qd6 65. Qa4 Kf8 66. h4 h5 67. Rd7 Qb6 68. Qd1 Ne6 69. Qd2 Nc5 70. Qh6+ Ke8 71. Rd5 Qe6 72. Qxg6+ Qf7 73. Qf5 Ne6 74. Bh3 Nd8 75. Qc8 Qg8 76. Rxd8+ 1-0

[Event "VIE-chT"]
[Site "Ho Chi Minh City"]
[Date "2019.10.02"]
[Round "9.21"]
[White "An, Dinh Minh"]
[Black "Nguyen, Hoang Nam2222"]
[Result "0-1"]
[WhiteElo "1655"]
[BlackElo "2162"]
[PlyCount "92"]
[EventDate "2019.09.26"]
[EventType "team-swiss"]
[EventRounds "9"]
[EventCountry "VIE"]
[SourceTitle "EXT 2020"]
[Source "ChessBase"]
[SourceDate "2019.10.17"]
[SourceVersion "1"]
[SourceVersionDate "2019.10.17"]
[SourceQuality "1"]

1. e4 Nc6 2. d4 d5 3. e5 f6 4. f4 Nh6 5. c3 Bf5 6. Be2 e6 7. Nf3 Be7 8. Nbd2 0-0 9. Nf1 Be4 10. Ng3 Nf5 11. Nxf5 exf5 12. Be3 Qd7 13. 0-0 Nd8 14. Nd2 Ne6 15. Nxe4 dxe4 16. d5 Bc5 17. Bxc5 Nxc5 18. e6 Qd6 19. b4 Na6 20. Qb3 Kh8 21. Rad1 c6 22. Kh1 Nc7 23. c4 cxd5 24. cxd5 Rfd8 25. a4 Qe7 26. Bc4 Rd6 27. b5 b6 28. h3 Rad8 29. Qb4 g6 30. Rfe1 Kg7 31. g4 Kf8 32. gxf5 gxf5 33. Rg1 Nxe6 34. Qe1 Nxf4 35. Qh4 Ng6 36. Qh5 f4 37. Rdf1 Qg7 38. Qg4 Qh6 39. Kh2 Re8 40. Rg2 f3 41. Rg3 Qf4 42. Qh5 Kg7 43. Qg4 Qxg4 44. Rxg4 f5 45. Rgg1 Kf6 46. Ba2 Nf4 0-1

[Event "VIE-chT"]
[Site "Ho Chi Minh City"]
[Date "2019.09.28"]
[Round "4.16"]
[White "Duong, Thuong Cong"]
[Black "An, Dinh Minh"]
[Result "1/2-1/2"]
[WhiteElo "2007"]
[BlackElo "1655"]
[PlyCount "66"]
[EventDate "2019.09.26"]
[EventType "team-swiss"]
[EventRounds "9"]
[EventCountry "VIE"]
[SourceTitle "EXT 2020"]
[Source "ChessBase"]
[SourceDate "2019.10.17"]
[SourceVersion "1"]
[SourceVersionDate "2019.10.17"]
[SourceQuality "1"]

1. e4 c5 2. Nf3 d6 3. c3 Nf6 4. Bd3 Nc6 5. h3 e6 6. 0-0 Be7 7. Bc2 e5 8. Re1 d5 9. exd5 Qxd5 10. Qe2 e4 11. Bxe4 Qxe4 12. Qxe4 Nxe4 13. Rxe4 Be6 14. Na3 0-0-0 15. Re1 Bf6 16. Nc2 Bd5 17. Nh2 Ne5 18. d4 Nd3 19. Rd1 Be4 20. Ng4 Nxb2 21. Bxb2 Bxc2 22. Rdc1 Bf5 23. Nxf6 gxf6 24. Ba3 c4 25. Be7 Rde8 26. Bxf6 Rhg8 27. h4 Re2 28. Bg5 Rge8 29. a4 Bd3 30. Be3 f5 31. g3 h5 32. a5 a6 33. Ra4 Re6 1/2-1/2

[Event "VIE-ch U11"]
[Site "Hai Phong"]
[Date "2018.07.09"]
[Round "4"]
[White "Can, Chi Thanh1111"]
[Black "An, Dinh Minh"]
[Result "0-1"]
[WhiteElo "1863"]
[BlackElo "1909"]
[PlyCount "112"]
[EventDate "2018.07.07"]
[EventType "swiss"]
[EventRounds "9"]
[EventCountry "VIE"]
[SourceTitle "EXT 2019"]
[Source "ChessBase"]
[SourceDate "2018.10.10"]
[SourceVersion "1"]
[SourceVersionDate "2018.10.10"]
[SourceQuality "1"]

1. d4 Nf6 2. c4 g6 3. Nc3 Bg7 4. Nf3 d6 5. Bf4 0-0 6. h3 c5 7. d5 Nbd7 8. e4 Ne8 9. Bd3 a6 10. a4 Rb8 11. 0-0 Nc7 12. a5 b6 13. axb6 Rxb6 14. Qe2 f6 15. h4 Ne5 16. Nxe5 fxe5 17. Be3 Bf6 18. h5 g5 19. g4 Bd7 20. Bc1 h6 21. Nd1 Qc8 22. f3 Qb7 23. Bd2 Qa7 24. Ba5 Rb7 25. Bxc7 Rxc7 26. Qd2 Rb8 27. Qa5 Rb6 28. Bc2 Qb8 29. Ba4 Bc8 30. Rf2 e6 31. Nc3 Bd8 32. Nd1 Rb4 33. Bc6 Rxc4 34. Qa2 Rb4 35. dxe6 Re7 36. Bd5 Bb6 37. Bc4 Rxc4 38. Qxc4 Bxe6 39. Qe2 c4 40. Ne3 Bc5 41. Kh1 Qb3 42. Re1 Bd4 43. Rg2 Rb7 44. Nf5 Bxf5 45. exf5 d5 46. Rb1 a5 47. f6 Rf7 48. Qe1 Rxf6 49. Qxa5 Qxf3 50. Kh2 Be3 51. Qa3 d4 52. Ra1 Rf8 53. Rg3 Qf2+ 54. Kh3 Bf4 55. Qf3 Bxg3 56. Qd5+ Kh8 0-1

[Event "VIE-chT"]
[Site "Ho Chi Minh City"]
[Date "2017.07.28"]
[Round "8.29"]
[White "Huynh, Hai Him"]
[Black "An, Dinh Minh"]
[Result "1-0"]
[WhiteElo "1887"]
[BlackElo "2011"]
[PlyCount "82"]
[EventDate "2017.07.24"]
[EventType "team-swiss"]
[EventRounds "9"]
[EventCountry "VIE"]
[SourceTitle "EXT 2019"]
[Source "ChessBase"]
[SourceDate "2018.10.10"]
[SourceVersion "1"]
[SourceVersionDate "2018.10.10"]
[SourceQuality "1"]

1. Nf3 Nf6 2. d4 g6 3. c4 Bg7 4. Nc3 0-0 5. e4 d6 6. h3 e5 7. d5 Ne8 8. Bd3 f5 9. Bg5 Qd7 10. Bd2 h6 11. Nh4 Qf7 12. Qe2 f4 13. g3 Nd7 14. 0-0-0 Nc5 15. Bc2 Kh7 16. gxf4 exf4 17. e5 f3 18. Qe3 Bf5 19. e6 Qf6 20. Nxf5 gxf5 21. Qxf3 Kh8 22. Rhg1 a6 23. Qh5 Kh7 24. Bg5 Qe5 25. Be3 Ne4 26. Qg6+ Kh8 27. Bxe4 fxe4 28. Qxe4 Qxe4 29. Nxe4 Rf3 30. Rg3 Rxg3 31. Nxg3 Kh7 32. Rg1 b5 33. c5 dxc5 34. Bxc5 Rd8 35. Rd1 Nf6 36. Nf5 Rxd5 37. Rxd5 Nxd5 38. e7 Nf6 39. Nxg7 Kxg7 40. Bd4 Kf7 41. Bxf6 c5 1-0

[Event "VIE-chT"]
[Site "Ho Chi Minh City"]
[Date "2017.07.25"]
[Round "3.39"]
[White "An, Dinh Minh"]
[Black "Dang, Anh Minh"]
[Result "1-0"]
[WhiteElo "2011"]
[BlackElo "1495"]
[PlyCount "103"]
[EventDate "2017.07.24"]
[EventType "team-swiss"]
[EventRounds "9"]
[EventCountry "VIE"]
[SourceTitle "EXT 2019"]
[Source "ChessBase"]
[SourceDate "2018.10.10"]
[SourceVersion "1"]
[SourceVersionDate "2018.10.10"]
[SourceQuality "1"]

1. e4 c5 2. Nf3 e6 3. d4 cxd4 4. Nxd4 Nf6 5. Nc3 d6 6. Be2 a6 7. 0-0 Be7 8. a4 b6 9. f3 Bb7 10. Nb3 0-0 11. Be3 Nbd7 12. Kh1 Qc7 13. Qd2 Rfd8 14. Qe1 d5 15. exd5 Nxd5 16. Nxd5 Bxd5 17. Rc1 Nc5 18. Nxc5 bxc5 19. c4 Bc6 20. Bd2 Bxa4 21. Ba5 Qb7 22. Bxd8 Rxd8 23. Ra1 Bc2 24. Qc3 Bg6 25. Rfd1 Rb8 26. Bd3 Bf6 27. Qd2 Rd8 28. Qe2 Bxd3 29. Rxd3 Bd4 30. Rad1 Rb8 31. b3 a5 32. Qa2 Qb4 33. Qd2 g6 34. h4 Qa3 35. Qc2 Qb4 36. g3 Ra8 37. Rb1 Rb8 38. Rbd1 Ra8 39. Qd2 Qa3 40. h5 a4 41. b4 Qb2 42. Qxb2 Bxb2 43. Rd8+ Rxd8 44. Rxd8+ Kg7 45. bxc5 a3 46. Ra8 Be5 47. hxg6 hxg6 48. f4 Bc7 49. Rxa3 Kf8 50. Ra7 Bd8 51. c6 Bb6 52. c7 1-0

[Event "VIE-chT"]
[Site "Ho Chi Minh City"]
[Date "2017.07.24"]
[Round "1.35"]
[White "An, Dinh Minh"]
[Black "Pham, Minh Hieu"]
[Result "1/2-1/2"]
[WhiteElo "2011"]
[BlackElo "2026"]
[PlyCount "90"]
[EventDate "2017.07.24"]
[EventType "team-swiss"]
[EventRounds "9"]
[EventCountry "VIE"]
[SourceTitle "EXT 2019"]
[Source "ChessBase"]
[SourceDate "2018.10.10"]
[SourceVersion "1"]
[SourceVersionDate "2018.10.10"]
[SourceQuality "1"]

1. e4 c5 2. Nf3 Nc6 3. d4 cxd4 4. Nxd4 g6 5. Nc3 Bg7 6. Be3 Nf6 7. Be2 0-0 8. Nb3 d6 9. 0-0 a5 10. a4 Be6 11. Nd4 Nxd4 12. Bxd4 Rc8 13. f3 Nd7 14. Bxg7 Kxg7 15. Qd4+ f6 16. f4 Qb6 17. Qxb6 Nxb6 18. Rad1 Bc4 19. Rd2 Bxe2 20. Rxe2 Rc5 21. Rfe1 Rfc8 22. Nd5 Nxa4 23. Nxe7 Re8 24. Nd5 Nxb2 25. Rb1 Rxd5 26. exd5 Rxe2 27. Rxb2 Re7 28. Rb5 a4 29. Rb4 b5 30. Rxb5 Ra7 31. Rb2 a3 32. Ra2 g5 33. fxg5 fxg5 34. Kf2 Kf6 35. Ke3 Ke5 36. c4 h5 37. Kd3 g4 38. g3 Ra8 39. Re2+ Kf5 40. Rf2+ Kg5 41. Ra2 h4 42. Kd4 h3 43. Kc3 Kf5 44. Kb3 Rb8+ 45. Kxa3 Ke4 1/2-1/2

[Event "VIE-ch U07"]
[Site "Ho Chi Minh City"]
[Date "2014.07.17"]
[Round "7"]
[White "Le, Trung Phong"]
[Black "An, Dinh Minh"]
[Result "0-1"]
[WhiteElo "1377"]
[BlackElo "1386"]
[PlyCount "38"]
[EventDate "2014.07.13"]
[EventType "swiss"]
[EventRounds "9"]
[EventCountry "VIE"]
[SourceTitle "EXT 2016"]
[Source "ChessBase"]
[SourceDate "2015.10.08"]
[SourceVersion "1"]
[SourceVersionDate "2015.10.08"]
[SourceQuality "1"]

1. e4 e5 2. Nf3 Nc6 3. d4 exd4 4. Nxd4 Nxd4 5. Qxd4 d6 6. Bc4 c5 7. Qc3 Nf6 8. Nd2 Bd7 9. 0-0 b5 10. Bd5 Rb8 11. b3 Be7 12. Bb2 0-0 13. a4 bxa4 14. Rxa4 Bxa4 15. bxa4 Nh5 16. Bc1 Nf4 17. Bb3 Ne2+ 18. Kh1 Nxc3 19. Bb2 Bf6 0-1